Příručka pro soustružníky /

Guardado en:
Detalles Bibliográficos
Autores principales: Dobrovolný, Bohumil (Autor), Dobrovolný, Jaroslav (Autor)
Formato: Libro
Lenguaje:checo
Publicado: Praha : Práce, 1954
Materias:
Etiquetas: Agregar Etiqueta
Sin Etiquetas, Sea el primero en etiquetar este registro!

MARC

LEADER 00000nam a22000003a 4500
001 stu35589
005 20150617225731.6
008 920429s1954----cs------------------cze-d
040 |a STU  |b slo 
041 0 |a cze 
044 |a cs 
080 |a 621.941 
100 1 |a Dobrovolný, Bohumil  |4 aut 
245 1 |a Příručka pro soustružníky /  |c [aut.]Bohumil Dobrovolný, Jaroslav Dobrovolný 
260 |a Praha :  |b Práce,  |c 1954 
300 |a 301 s 
650 7 |a sústruženie  |2 stusub 
700 1 |a Dobrovolný, Jaroslav  |4 aut 
996 |b 284M020134  |c M*3586-1  |l MMKN  |s A  |a 24  |w stu35589_0001